Dorland’s illustrated Medical Dictionary / (Record no. 3110)
[ view plain ]
| 000 -LEADER | |
|---|---|
| fixed length control field | 01478nac a22003011u 4500 |
| 008 - FIXED-LENGTH DATA ELEMENTS--GENERAL INFORMATION | |
| fixed length control field | 090629t xxu||||| |||| 00| 0 eng d |
| 010 ## - LIBRARY OF CONGRESS CONTROL NUMBER | |
| LC control number | 006965534 |
| 020 ## - INTERNATIONAL STANDARD BOOK NUMBER | |
| International Standard Book Number | 0721601464 (Standard) |
| 020 ## - INTERNATIONAL STANDARD BOOK NUMBER | |
| International Standard Book Number | 0721602819 (Deluxe) |
| 020 ## - INTERNATIONAL STANDARD BOOK NUMBER | |
| International Standard Book Number | 0721604145 (Trade) |
| 020 ## - INTERNATIONAL STANDARD BOOK NUMBER | |
| International Standard Book Number | 0808922882 (International) |
| 028 ## - PUBLISHER NUMBER | |
| Source | www.bl.uk |
| 082 ## - DEWEY DECIMAL CLASSIFICATION NUMBER | |
| Classification number | 610.3 |
| Item number | DOR |
| Edition number | 22 |
| 100 ## - MAIN ENTRY--PERSONAL NAME | |
| Personal name | Dorland, W. A. Newman |
| Dates associated with a name | 1864-1956. |
| Fuller form of name | (William Alexander Newman), |
| 9 (RLIN) | 7118 |
| 245 10 - TITLE STATEMENT | |
| Title | Dorland’s illustrated Medical Dictionary / |
| Remainder of title | [William Alexander Newman Dorland]. |
| 246 ## - VARYING FORM OF TITLE | |
| Title proper/short title | Dorland's pocket medical dictionary |
| 246 ## - VARYING FORM OF TITLE | |
| Title proper/short title | Dorland's electronic medical speller |
| 250 ## - EDITION STATEMENT | |
| Edition statement | 30th ed. |
| 260 ## - PUBLICATION, DISTRIBUTION, ETC. (IMPRINT) | |
| Place of publication, distribution, etc | Philadelphia, Pa. ; London : |
| Name of publisher, distributor, etc | Saunders, |
| Date of publication, distribution, etc | c2003. |
| 300 ## - PHYSICAL DESCRIPTION | |
| Extent | xxvii, 2190 p. : |
| Other physical details | ill. (chiefly col.) ; |
| Dimensions | 29 cm. + |
| Accompanying material | 1 CD-ROM |
| 500 ## - GENERAL NOTE | |
| General note | Previous ed.: 2000. |
| 500 ## - GENERAL NOTE | |
| General note | CD-ROM entitled: Dorland's pocket medical dictionary for PDA, v.2.0 : with download access to Dorland's electronic medical speller, v.4.0. |
| 650 ## - SUBJECT ADDED ENTRY--TOPICAL TERM | |
| Topical term or geographic name as entry element | Medicine -- Dictionaries. |
| 9 (RLIN) | 7119 |
| 700 ## - ADDED ENTRY--PERSONAL NAME | |
| Personal name | Dorland, W. A. Newman (William Alexander Newman), 1864-1956. |
| 9 (RLIN) | 7120 |
| 942 ## - ADDED ENTRY ELEMENTS (KOHA) | |
| Item type | NB - Book (Non borrowing) |
| Call number prefix | 610.3 DOR |
| Source of classification or shelving scheme | Dewey Decimal Classification |
| Withdrawn status | Item status | Source of classification or shelving scheme | Damaged status | Not for loan | Vendor | Home library | Current library | Shelving location | Date acquired | Source of acquisition | Total Checkouts | Full call number | Barcode | Date last seen | Koha item type | Date last borrowed |
|---|---|---|---|---|---|---|---|---|---|---|---|---|---|---|---|---|
| Dewey Decimal Classification | Central Library | Central Library | First floor | 28/03/2007 | 610.3 DOR | 000030283 | 15/07/2025 | NB - Book (Non borrowing) | ||||||||
| Dewey Decimal Classification | Central Library | Central Library | First floor | 29/06/2009 | 1 | 610.3 DOR | 000017251 | 24/08/2022 | CD | DVD - With book | 18/08/2009 |